Волноводный радарный датчик уровня Rosemount 3300; Промышленные АСУ и контроллеры; № 5

Bibliografiske detaljer
Parent link:Промышленные АСУ и контроллеры: ежемесячный научно-технический производственный журнал.— , 2002-
№ 5.— 2003.— С. 49-51
Sprog:russisk
Udgivet: 2003
Serier:Технические средства АСУТП
Fag:
Format: MixedMaterials Book Chapter
KOHA link:https://koha.lib.tpu.ru/cgi-bin/koha/opac-detail.pl?biblionumber=386783

MARC

LEADER 00000naa2a2200000 4500
001 386783
005 20231101063522.0
035 |a (RuTPU)RU\TPU\prd\15885 
090 |a 386783 
100 |a 20030701a2003 k y0rusy50 ca 
101 0 |a rus 
102 |a RU 
200 1 |a Волноводный радарный датчик уровня Rosemount 3300 
225 1 |a Технические средства АСУТП 
461 1 |0 (RuTPU)RU\TPU\prd\2287  |t Промышленные АСУ и контроллеры  |o ежемесячный научно-технический производственный журнал  |d 2002- 
463 1 |0 (RuTPU)RU\TPU\prd\15377  |t № 5  |v С. 49-51  |d 2003 
610 1 |a датчики 
610 1 |a радарные датчики 
610 1 |a волноводные датчики 
801 1 |a RU  |b 63413507  |c 20030701  |g PSBO 
942 |c BK